000
00262nam a2200097Ia 4500
001
956733
005
20250826215830.0
008
250824s9999 xx 000 0 und d
245
0
_a
ONLAR BENİM KAHRAMANIM
_c
DOĞAN CÜCELOĞLU
260
_b
REMZİ KİTABEVİ YAYINLARI
999
_c
956733
_d
956733